000 00368nam a2200133Ia 4500
008 240624s9999 xx 000 0 und d
041 _aeng
082 _a338.0640973 ATK
100 _aATKINSON ROBERT D
245 _aINNOVATION ECONOMICS THE RACE FOR GLOBAL
260 _c2012
_aLondon
_bYale University Press
300 _aviii, : 431 : p. : cm. ; 22
365 _c
_b38
999 _c28286
_d28286